000 00221nam a22001097a 4500
003 SGT
100 _aMITTAL, NEMISHRAN
245 _aDRUGS MAFIA
260 _aDELHI
_bPKMAHAL PUB.
_c1991
300 _a320
942 _2ddc
_cBK
999 _c20872
_d20872